| 000 | 00780nam a2200241 a 4500 | ||
|---|---|---|---|
| 005 | 20241121063755.0 | ||
| 008 | 030522s1999 mx r 000 0 spa d | ||
| 020 | _a8487118690 | ||
| 035 | _aUPN01000124518 | ||
| 049 | _aCG | ||
| 050 | 4 |
_aQC32 _bS4.2 1999 |
|
| 100 | 1 | _aSegura, Dino de J. | |
| 245 | 1 | 0 |
_aActividades de investigación en la clase de ciencias / _cDino de J. Segura, Adela Molina, Rosa I. Pedreros. |
| 250 | _a2a ed. | ||
| 260 |
_aBarcelona, Esp. : _bDíada, _c1999. |
||
| 300 | _a89 p. | ||
| 440 | 0 |
_aInvestigación y enseñanza. _pPráctica ; _v14 |
|
| 650 | 4 |
_aFISICA - _vPROBLEMAS, EJERCICIOS, ETC. _920820 |
|
| 650 | 4 |
_aFísica _xEstudio y enseñanza _912270 |
|
| 700 | 1 |
_aMolina, Adela, _ecoaut. |
|
| 700 | 1 |
_aPedreros, Rosa I., _ecoaut. |
|
| 905 | _aLibro | ||
| 999 |
_c96697 _d96697 |
||